Generador y motor: fundamentos físicos y formas mecánicas (Registro nro. 651)

Detalles MARC
000 -CABECERA
campo de control de longitud fija 00508aam a2200193 4500
005 - FECHA Y HORA DE ACTUALIZACIÓN
campo de control 20160907143758.0
008 - LONGITUD FIJA
campo de control de longitud fija 150824b xxu||||| |||| 00| 0 spa d
041 ## - IDIOMA
Código de idioma del texto/pista de sonido o título separado
082 ## - CLASIFICACIÓN DECIMAL DEWEY
Número de clasificación 621.313 S459g
100 ## - AUTOR PERSONAL
Nombre de persona Seifert. Walter
245 ## - TÍTULO PROPIAMENTE DICHO
Título Generador y motor: fundamentos físicos y formas mecánicas
260 ## - PIE DE IMPRENTA
Lugar de publicación, distribución, etc. España
260 ## - PIE DE IMPRENTA
Nombre del editor, distribuidor, etc. Marcombo-Siemens
260 ## - PIE DE IMPRENTA
Fecha de publicación, distribución, etc. 1988
300 ## - DESCRIPCIÓN FÍSICA
Extensión 89 páginas
500 ## - NOTA GENERAL
Nota general Ensenanza Programada 24
650 ## - Materia General
Materia general MÁQUINAS ELÉCTRICAS
942 ## - Punto de Acceso Adicional Koha
Tipo de ítem Koha Libro
Existencias
Estado perdido Estado dañado No para préstamo Biblioteca permanente Biblioteca actual Signatura completa Código de barras Tipo de ítem
      Departamento de Biblioteca y Documentación Alfonso Chase Brenes Departamento de Biblioteca y Documentación Alfonso Chase Brenes 621.313 S459g 1327 Libro